[Event "Mittelfranken-ch QT 53rd"]
[Site "Lauf"]
[Date "2004.04.07"]
[Round "2"]
[White "Ochsenkuehn, Michael"]
[Black "Classen, Andrej"]
[Result "1-0"]
[WhiteElo "1619"]
[BlackElo "1465"]
[PlyCount "63"]
[EventDate "2004.04.07"]
[EventType "swiss"]
[EventRounds "7"]
[EventCountry "GER"]
[SourceTitle "EXT 2015"]
[Source "ChessBase"]
[SourceDate "2014.11.20"]
[SourceVersion "1"]
[SourceVersionDate "2014.11.20"]
[SourceQuality "1"]

1. c4 g6 2. d4 d6 3. e4 Bg7 4. Nf3 Nf6 5. Nc3 Bg4 6. Be2 0-0 7. h3 Bxf3 8. Bxf3 Nbd7 9. Be3 a6 10. 0-0 e5 11. d5 Qb8 12. Qb3 Rc8 13. Rac1 c6 14. dxc6 Rxc6 15. Nd5 Nxd5 16. cxd5 Rxc1 17. Rxc1 b6 18. Rc6 b5 19. Qc2 Bf8 20. Bg4 Nc5 21. b4 Na4 22. Rc8 Qb7 23. Rc7 Qb8 24. Qc6 Qd8 25. Bg5 Qxg5 26. Qxa8 Qd2 27. Qa7 Qe1+ 28. Kh2 Qxe4 29. Rxf7 Qxd5 30. Rxh7 Qxa2 31. Rh4 Bg7 32. Qd7 1-0